Atrakcje Jury Krakowsko-Częskochowskiej - Statystyki

Ogólne statystyki
  • Ten quiz został rozwiązany 22 razy
  • Średni wynik to 7 z 16
Statystyki odpowiedzi
Obrazkowy Odpowiedź % Poprawnych
Zamek w Ojcowie
76%
Jasna Góra
71%
Wawel
65%
Zamek Ogrodzieniec
59%
Zamek Pieskowa Skała
53%
Zamek w Olsztynie
53%
Zamek w Rabsztynie
53%
Zamek w Bobolicach
47%
Zamek w Mirowie
47%
Zamek Pilcza
29%
Okiennik Wielki
24%
Zamek Bąkowiec
24%
Zamek w Bydlinie
24%
Zamek Tenczyn
18%
Gród na Górze Birów
12%
Zamek w Kwidzynie
0%
Nie znaleziono quizów pasujących do podanych kryteriów
Rozkład punktacji
Procent ludzi z każdym wynikiem
Percentyl według liczby udzielonych odpowiedzi
Twoja historia wyników
Nie rozwiązałeś tego quizu